عرض عادي
عرض مارك
- Doering, Laurie C.
مدخل إسم شخص
001 - رقم الضبط
- حقل الضبط: 18353
003 - معرف رقم الضبط
- حقل الضبط: OSt
005 - تاريخ ووقت أخر عملية
- حقل الضبط: 20121224175636.0
008 - عناصر بيانات ثابتة الطول
- حقل تحكم ثابت الطول: 121224|||a|||||| | ||| d
040 ## - مصدر الفهرسة
- هيئة الفهرسة الأصلية: OSt
- وكالة الكتابة: OSt
100 ## - مدخل -- أسم شخص
- إسم شخص: Doering, Laurie C.
- الشكل الكامل للاسم: (Laurie Caley),
- تواريخ مرتبطة بالاسم: 1953-
670 ## - بيانات المصدر موجوده
- الاستشهاد بالمصدر: Work cat.: (OSt)0: Protocols for neural cell culture /, c2010.
